000 01588 a2200217 4500
001 50085
005 20260407155801.0
008 260407a1995 arg spa d
003 AR-UNSa-BCEJYS
040 _aAR-UNSa-BCEJYS
_bspa
_cAR-UNSa-BCEJYS
080 _a004.67*E
_xSistemas para datos numéricos. Sistemas de hoja de cálculo (Excel)
245 1 0 _a10 Minutos guía para Excel 5
020 _a950-528-128-5
264 1 _aBuenos Aires :
_bHasa (Hispano Americana)
_c1995
300 _ax, 166 p.
_c21 cm.
505 _a1. Inicio y salida de Excel - 2. Recorriendo la ventana Excel - 3. Uso de las barras de herramientas de Excel - 4. Trabajando con archivos de libro de trabajo - 5. Trabajando con planillas - 6. Ingreso y edición de datos - 7. Trabajo con rangos - 8. Copiado, movimiento y borrado de datos - 9. Inserción y eliminación de celdas, filas y columnas - 10. Escribiendo fórmulas - 11. Ejecución de cálculos complejos con funciones - 12. Impresión de su libro de trabajo - 13. Ajuste de formatos numéricos y alineamiento de texto - 14. Mejorando el aspecto de su texto - 15. Agregado de bordes y sombreado a las celdas - 16. Cambio del ancho de columna y altura - 17. Dando formato de estilos - 18. Creación de gráficos - 19. Realce de gráficos - 20. Agregando gráficos a diagramas y libros de trabajo - 21. Creación de una base de datos - 22. Buscar y ordenar datos en una base de datos - 23. Resumen y comparación de datos en una base de datos -
041 _aspa
942 _cBK
590 _aniveau_biblio:m niveau_hierar:0
100 1 _aKraynak, Joe
999 _c4947
_d4947